Sports in North America - Statistics

General Stats
  • This quiz has been taken 34 times
  • The average score is 9 of 15
Answer Stats
Hint Answer % Correct
Canada's national winter sport Ice Hockey
100%
American swimmer who has won a total of 23 olympic gold medals Michael Phelps
85%
Top soccer league in the U.S Major League Soccer
82%
Jamaica made their debut in the Winter Olympics 1988 and competed in this sport Bobsleigh
73%
Oakland raiders changed their name and moved to this city in 2020 Las Vegas
70%
NHL team of Colorado Colorado Avalanche
67%
Canada's national summer sport, formerly known as stickball by the Native Americans who invented it Lacrosse
67%
Organization dedicated to college-atheletes NCAA
61%
The NFL, NBA, NHL, and MLB are usually called ___ ___ _ The Big 4
52%
Baseball player who was known as "Teddy Ballgame" and "The Splendid Splinter" Ted Williams
45%
Multi-national cricket team representing nations and territories in the caribbean region West Indies
36%
American soccer player who now plays as a midfielder for Chelsea in the Premier League Christian Pulisic
33%
City in California where the PGA Championship 2020 in golf was held San Francisco
33%
Ski resort that hosted the 2010 Winter Olympics in Vancouver Whistler Blackcomb
33%
Nickname the wrestler Mark Calaway is known as The Undertaker
30%
No matching quizzes found
Score Distribution
Percent of People with Each Score
Percentile by Number Answered
Your Score History
You have not taken this quiz